000 00319nam a2200097 a 4500
005 20201002045938.0
008 150206s2004 000 spa d
245 0 _a"Propuesta de ley para la prevención, atención, sanción y erradicación...
260 _aSanto Domingo, República Dominicana,
_c[s.f.].
999 _c44670
_d44670
040 _aDO-SdBNP